[Event "Panevezys op-A"]
[Site "Panevezys"]
[Date "2018.07.05"]
[Round "8"]
[White "Katinas, Kazimieras"]
[Black "Dapkuviene, Lina"]
[Result "0-1"]
[WhiteElo "1532"]
[BlackElo "1668"]
[PlyCount "78"]
[EventDate "2018.06.29"]
[EventType "swiss"]
[EventRounds "9"]
[EventCountry "LTU"]
[SourceTitle "CBM 185 Extra"]
[Source "ChessBase"]
[SourceDate "2018.07.29"]
[SourceVersion "1"]
[SourceVersionDate "2018.07.29"]
[SourceQuality "1"]

1. d4 e6 2. e4 d5 3. e5 Bd7 4. a3 c5 5. Nf3 h6 6. Be2 Qc7 7. 0-0 cxd4 8. b4 Nc6 9. Bb5 Nxe5 10. Nxd4 a6 11. Bxd7+ Nxd7 12. Bb2 Ngf6 13. Nd2 Bd6 14. h3 0-0 15. N4f3 Rac8 16. Rc1 b5 17. Re1 Bf4 18. Re2 Ne4 19. g3 Nxd2 20. Nxd2 Bg5 21. h4 Bf6 22. Bxf6 Nxf6 23. Kg2 Qb7 24. Nf3 Rc3 25. Re3 Rfc8 26. Kh3 Rxe3 27. fxe3 Rc3 28. Qd4 Rxa3 29. g4 Qc7 30. g5 Ne4 31. Ne5 Qc3 32. Qxc3 Rxc3 33. gxh6 Rxe3+ 34. Kh2 Re2+ 35. Kg1 gxh6 36. Ng4 h5 37. Nh2 Nc3 38. Nf3 Re4 39. Kf2 Rxb4 0-1

[Event "LTU-ch (Women)"]
[Site "Kaunas"]
[Date "2018.03.04"]
[Round "3"]
[White "Plutaite, Ausra"]
[Black "Dapkuviene, Lina"]
[Result "0-1"]
[WhiteElo "1381"]
[BlackElo "1669"]
[PlyCount "32"]
[EventDate "2018.03.02"]
[EventType "swiss"]
[EventRounds "7"]
[EventCountry "LTU"]
[SourceTitle "EXT 2019"]
[Source "ChessBase"]
[SourceDate "2018.10.10"]
[SourceVersion "1"]
[SourceVersionDate "2018.10.10"]
[SourceQuality "1"]

1. e4 c5 2. Nc3 e6 3. f4 Nc6 4. Nf3 a6 5. Be2 b5 6. e5 Bb7 7. 0-0 Nh6 8. d4 cxd4 9. Nxd4 Bc5 10. Be3 Qb6 11. Ne4 Bxd4 12. Bxd4 Nxd4 13. Nd6+ Ke7 14. Kh1 Nhf5 15. c3 Bxg2+ 16. Kxg2 Ne3+ 0-1

[Event "LTU-ch (Women)"]
[Site "Vilnius"]
[Date "2017.02.26"]
[Round "2"]
[White "Dapkuviene, Lina"]
[Black "Plutaite, Ausra"]
[Result "1-0"]
[WhiteElo "1721"]
[BlackElo "1323"]
[PlyCount "113"]
[EventDate "2017.02.25"]
[EventType "swiss"]
[EventRounds "7"]
[EventCountry "LTU"]
[SourceTitle "CBM 177 Extra"]
[Source "ChessBase"]
[SourceDate "2017.04.27"]
[SourceVersion "1"]
[SourceVersionDate "2017.04.27"]
[SourceQuality "1"]

1. Nf3 c5 2. g3 Nc6 3. Bg2 g6 4. 0-0 Bg7 5. d3 e5 6. Nc3 Nge7 7. Bg5 0-0 8. Ne4 d6 9. Nf6+ Kh8 10. Ne4 Be6 11. Qc1 Qd7 12. Nf6 Qc8 13. Ne4 Nf5 14. g4 Nfd4 15. Re1 Qd7 16. Nxd4 Nxd4 17. c3 Nc6 18. f3 Ne7 19. Nf6 Qc7 20. Bh4 Nd5 21. g5 Nf4 22. Qd2 Qc8 23. e3 Nd5 24. c4 Nb4 25. a3 Nc6 26. b4 Ne7 27. e4 Nc6 28. Rab1 Bh3 29. bxc5 dxc5 30. Qb2 b6 31. Bh1 Rd8 32. Rbd1 Nd4 33. Bg3 Qe6 34. Nd5 Rac8 35. Qf2 Re8 36. f4 exf4 37. Qxf4 Be5 38. Qh4 Qg4 39. Nf6 Bxf6 40. gxf6 Ne2+ 41. Kf2 Nxg3 42. Qxg3 Rc6 43. e5 Qf5+ 44. Kg1 Rce6 45. d4 cxd4 46. Rxd4 Rxe5 47. Qxe5 Qxe5 48. Rxe5 Rf8 49. Re7 a5 50. Bd5 Kg8 51. Rd3 Bf5 52. Rb3 h5 53. Rxb6 Bc8 54. Rc6 a4 55. Rcc7 Be6 56. Bxe6 fxe6 57. Rg7+ 1-0

[Event "Panevezys op-B"]
[Site "Panevezys"]
[Date "2016.06.12"]
[Round "6"]
[White "Zebelis, Rimantas"]
[Black "Dapkuviene, Lina"]
[Result "1-0"]
[WhiteElo "1734"]
[BlackElo "1743"]
[PlyCount "111"]
[EventDate "2016.06.09"]
[EventType "swiss"]
[EventRounds "7"]
[EventCountry "LTU"]
[SourceTitle "CBM 172 Extra"]
[Source "ChessBase"]
[SourceDate "2016.06.21"]
[SourceVersion "1"]
[SourceVersionDate "2016.06.21"]
[SourceQuality "1"]

1. d4 d5 2. c4 e6 3. Nf3 c6 4. Nc3 dxc4 5. a4 Bb4 6. e3 b5 7. Ne5 Nf6 8. Bd2 Bxc3 9. Bxc3 Nd5 10. axb5 cxb5 11. Ba5 Qh4 12. g3 Qe4 13. Qf3 Qxf3 14. Nxf3 Bb7 15. Bg2 0-0 16. 0-0 Nc6 17. e4 Nf6 18. e5 Nd5 19. Bd2 Rfd8 20. Rfc1 Ndb4 21. Bf1 a5 22. h4 Nxd4 23. Nxd4 Rxd4 24. Be3 Rd7 25. Bb6 a4 26. Rd1 Nd5 27. Bc5 Rc8 28. Bd6 Ne7 29. g4 Bf3 30. Rd4 Ng6 31. h5 Nh4 32. Kh2 g5 33. hxg6 hxg6 34. Kg3 g5 35. Ra3 Bc6 36. f4 b4 37. Re3 gxf4+ 38. Rxf4 Ng6 39. Rxc4 f6 40. Rxb4 f5 41. gxf5 exf5 42. Rc3 f4+ 43. Kf2 Rdd8 44. Bc4+ Kg7 45. Be6 Bd7 46. Rb7 Rxc3 47. bxc3 Nf8 48. Bxf8+ Kxf8 49. Rxd7 Ra8 50. Kf3 a3 51. Rd2 Ke7 52. Ba2 Ra4 53. Rd4 Ra5 54. Rxf4 Rc5 55. Rc4 Ra5 56. Ke4 1-0

[Event "Panevezys op-B"]
[Site "Panevezys"]
[Date "2016.06.11"]
[Round "5"]
[White "Dapkuviene, Lina"]
[Black "Golsta, Ramona"]
[Result "1-0"]
[WhiteElo "1743"]
[BlackElo "1515"]
[PlyCount "101"]
[EventDate "2016.06.09"]
[EventType "swiss"]
[EventRounds "7"]
[EventCountry "LTU"]
[SourceTitle "CBM 172 Extra"]
[Source "ChessBase"]
[SourceDate "2016.06.21"]
[SourceVersion "1"]
[SourceVersionDate "2016.06.21"]
[SourceQuality "1"]

1. Nf3 f5 2. c4 Nf6 3. Nc3 e6 4. g3 d5 5. Bg2 c6 6. b3 Bd6 7. 0-0 e5 8. c5 e4 9. cxd6 exf3 10. Bxf3 0-0 11. Ba3 Be6 12. d3 Nbd7 13. e4 Ne5 14. Bg2 fxe4 15. dxe4 dxe4 16. Nxe4 Nxe4 17. Bxe4 Nd7 18. Qh5 Nf6 19. Qe5 Re8 20. Qd4 Nxe4 21. Qxe4 Bxb3 22. Qd4 Bd5 23. Bb2 Qd7 24. Rfe1 Rab8 25. f4 b6 26. f5 Qf7 27. a3 Rbd8 28. Qf4 Rxe1+ 29. Rxe1 Qd7 30. Re7 Qxd6 31. Rxg7+ Kf8 32. Qxd6+ Rxd6 33. Rxa7 Bf7 34. Ra8+ Ke7 35. Be5 Rd1+ 36. Kf2 c5 37. Ra7+ Kf8 38. g4 Rd2+ 39. Ke3 Rg2 40. Bg3 c4 41. Kd4 Rc2 42. f6 Rd2+ 43. Kc3 Rd3+ 44. Kb2 Be6 45. Rxh7 Bxg4 46. Rc7 Rb3+ 47. Kc1 Rc3+ 48. Kb2 Rb3+ 49. Ka2 Be6 50. Bd6+ Ke8 51. Re7+ 1-0

[Event "Panevezys op U2200"]
[Site "Panevezys"]
[Date "2015.12.06"]
[Round "5"]
[White "Dapkuviene, Lina"]
[Black "Kalvis, Stepas"]
[Result "0-1"]
[WhiteElo "1717"]
[BlackElo "1659"]
[PlyCount "82"]
[EventDate "2015.12.04"]
[EventType "swiss"]
[EventRounds "6"]
[EventCountry "LTU"]
[SourceTitle "CBM 169 Extra"]
[Source "ChessBase"]
[SourceDate "2015.12.18"]
[SourceVersion "1"]
[SourceVersionDate "2015.12.18"]
[SourceQuality "1"]

1. Nf3 Nf6 2. c4 c5 3. g3 Nc6 4. Bg2 e5 5. 0-0 Be7 6. Nc3 0-0 7. d3 d6 8. a3 Be6 9. Ng5 Bg4 10. b4 h6 11. Nge4 Nxe4 12. Bxe4 f5 13. Bd5+ Kh8 14. b5 Na5 15. Bg2 Rb8 16. Nd5 Bf6 17. Bd2 b6 18. Rb1 Nb7 19. Bc3 Qd7 20. f4 Rbe8 21. Qd2 Bd8 22. h3 Bh5 23. e4 exf4 24. Nxf4 Bg5 25. Qb2 Bxf4 26. Rxf4 fxe4 27. Rh4 Bf3 28. Rxh6+ Kg8 29. Rg6 Re7 30. dxe4 Bxg2 31. Kxg2 Nd8 32. Rd1 Ne6 33. e5 Qb7+ 34. Kg1 Qf3 35. Re1 dxe5 36. Bxe5 Nd4 37. Rg5 Qd3 38. Kg2 Nf3 39. Rd1 Qxd1 40. Rxg7+ Rxg7 41. Bxg7 Qg1# 0-1

[Event "Panevezys op-B 28th"]
[Site "Panevezys"]
[Date "2015.08.18"]
[Round "2"]
[White "Dapkuviene, Lina"]
[Black "Puglia, Francesco"]
[Result "1-0"]
[WhiteElo "1703"]
[BlackElo "1551"]
[PlyCount "54"]
[EventDate "2015.08.17"]
[EventType "swiss"]
[EventRounds "9"]
[EventCountry "LTU"]
[SourceTitle "EXT 2016"]
[Source "ChessBase"]
[SourceDate "2015.10.08"]
[SourceVersion "1"]
[SourceVersionDate "2015.10.08"]
[SourceQuality "1"]

1. Nf3 g6 2. c4 Bg7 3. d4 d6 4. g3 Nc6 5. Bg2 e5 6. dxe5 Nxe5 7. Nxe5 Bxe5 8. 0-0 Bg7 9. Qc2 Ne7 10. Bg5 0-0 11. Nc3 f6 12. Bf4 Be6 13. c5 d5 14. Nb5 c6 15. Nc7 Bf5 16. e4 dxe4 17. Nxa8 Nd5 18. Bxe4 Bxe4 19. Qxe4 Qxa8 20. Rfe1 f5 21. Qe6+ Kh8 22. Be5 Nf6 23. Rad1 Re8 24. Qf7 Rf8 25. Qb3 a5 26. Rd6 Re8 27. Qc3 Rxe5 1-0

[Event "Panevezys op-B"]
[Site "Panevezys"]
[Date "2009.08.18"]
[Round "3"]
[White "Dapkuviene, Lina"]
[Black "Klabis, Rokas"]
[Result "0-1"]
[WhiteElo "1711"]
[BlackElo "1915"]
[PlyCount "48"]
[EventDate "2009.08.17"]
[EventType "swiss"]
[EventRounds "9"]
[EventCountry "LTU"]
[SourceTitle "EXT 2012"]
[Source "ChessBase"]
[SourceDate "2011.11.24"]
[SourceVersion "1"]
[SourceVersionDate "2011.11.24"]
[SourceQuality "1"]

1. f4 d5 2. Nf3 c5 3. e3 e6 4. Be2 Nf6 5. 0-0 Bd6 6. b3 0-0 7. Bb2 Nbd7 8. h3 b6 9. d3 Bb7 10. g4 d4 11. exd4 Bxf4 12. dxc5 Be3+ 13. Kg2 bxc5 14. c4 Qc7 15. Qe1 h5 16. Qh4 g5 17. Qe1 hxg4 18. hxg4 Nxg4 19. Rh1 f6 20. Nbd2 Bf2 21. Rh8+ Kxh8 22. Qh1+ Bh4 23. Ne4 Bxe4 24. dxe4 Qg3+ 0-1

[Event "Panevezys-ch B"]
[Site "Panevezys"]
[Date "2007.04.29"]
[Round "13.7"]
[White "Savickas, Petras"]
[Black "Dapkuviene, Lina"]
[Result "0-1"]
[WhiteElo "1730"]
[BlackElo "1841"]
[PlyCount "120"]
[EventDate "2007.02.04"]
[EventType "tourn"]
[EventRounds "13"]
[EventCountry "LTU"]
[SourceTitle "EXT 2024"]
[Source "ChessBase"]
[SourceDate "2023.10.10"]
[SourceVersion "1"]
[SourceVersionDate "2023.10.10"]
[SourceQuality "1"]

1. c4 f5 2. Nc3 Nf6 3. g3 e6 4. Bg2 Be7 5. d3 0-0 6. Nf3 d5 7. 0-0 c6 8. cxd5 exd5 9. e3 Nbd7 10. a3 Qe8 11. b4 a6 12. Bb2 Ng4 13. Ne2 Bd6 14. Nf4 Nde5 15. Nxe5 Nxe5 16. Qb3 g5 17. Ne2 Qh5 18. Nd4 Rf6 19. Qd1 Ng4 20. h3 Rh6 21. Qf3 Ne5 22. Qxh5 Rxh5 23. Rad1 Bd7 24. Nb3 Rf8 25. Bxe5 Bxe5 26. Nc5 Bc8 27. d4 Bd6 28. Nd3 f4 29. g4 Rh6 30. exf4 Bxf4 31. Rfe1 Bd6 32. Ne5 Rhf6 33. Re3 Rf4 34. Nf3 h5 35. gxh5 Bxh3 36. Bxh3 g4 37. Ng5 gxh3 38. Ne6 Rg4+ 39. Kh1 Rf6 40. Rg1 Rxg1+ 41. Kxg1 h2+ 42. Kh1 Rxf2 43. Re1 Ra2 44. Nd8 Bg3 45. Rf1 Rxa3 46. Nxb7 Rd3 47. Nd8 Rxd4 48. Nxc6 Rc4 49. Ne7+ Kh8 50. Nxd5 Rh4 51. Rf5 Rd4 52. Ne3 Rxb4 53. Nf1 Rb1 54. Kg2 Bc7 55. Rf3 Rb2+ 56. Kh1 a5 57. Rf7 Rc2 58. Rf3 a4 59. Rh3 Rf2 60. Ng3 a3 0-1

[Event "Panevezys-ch B"]
[Site "Panevezys"]
[Date "2007.03.11"]
[Round "7.4"]
[White "Balcaite, Agne"]
[Black "Dapkuviene, Lina"]
[Result "1-0"]
[WhiteElo "1800"]
[BlackElo "1841"]
[PlyCount "71"]
[EventDate "2007.02.04"]
[EventType "tourn"]
[EventRounds "13"]
[EventCountry "LTU"]
[SourceTitle "EXT 2024"]
[Source "ChessBase"]
[SourceDate "2023.10.10"]
[SourceVersion "1"]
[SourceVersionDate "2023.10.10"]
[SourceQuality "1"]

1. e4 c5 2. Nf3 Nc6 3. d4 cxd4 4. Nxd4 e5 5. Nb5 Nf6 6. N1c3 Bb4 7. Nd6+ Bxd6 8. Qxd6 Qe7 9. Qd3 h6 10. Be2 0-0 11. a3 a6 12. 0-0 b5 13. f4 b4 14. Nd5 Nxd5 15. Qxd5 Bb7 16. Qd1 Rfd8 17. Bd3 d5 18. Qg4 d4 19. f5 Qf6 20. Rf3 Rac8 21. Rh3 Kf8 22. Bd2 a5 23. Rh5 Ke8 24. Be1 Rd6 25. Bg3 Kf8 26. Rf1 Qe7 27. Bc4 f6 28. Rxh6 Ke8 29. Qg6+ Kd8 30. Rh8+ Kc7 31. Rh7 Kb8 32. Rxg7 Qd8 33. Be6 bxa3 34. bxa3 Ne7 35. Qxf6 Nd5 36. Qxe5 1-0

[Event "Panevezys-ch B"]
[Site "Panevezys"]
[Date "2007.03.04"]
[Round "6.5"]
[White "Dapkuviene, Lina"]
[Black "Kalvis, Stepas"]
[Result "0-1"]
[WhiteElo "1841"]
[BlackElo "1868"]
[PlyCount "130"]
[EventDate "2007.02.04"]
[EventType "tourn"]
[EventRounds "13"]
[EventCountry "LTU"]
[SourceTitle "EXT 2024"]
[Source "ChessBase"]
[SourceDate "2023.10.10"]
[SourceVersion "1"]
[SourceVersionDate "2023.10.10"]
[SourceQuality "1"]

1. Nf3 Nf6 2. g3 b6 3. Bg2 Bb7 4. b4 d5 5. Bb2 e6 6. a3 c5 7. bxc5 bxc5 8. 0-0 Be7 9. c4 0-0 10. Qb3 Bc6 11. Ne5 Be8 12. Nc3 Nc6 13. Nd3 Na5 14. Qc2 Nxc4 15. Bc1 Rb8 16. Nf4 Na5 17. Na4 Nb3 18. Rb1 Bxa4 19. Bb2 c4 20. Qc3 Qa5 21. Qe5 Qb6 22. g4 Ne8 23. Nh5 Bf6 24. Nxf6+ Nxf6 25. g5 Ne8 26. Bc3 Qc7 27. Qe3 Nd6 28. Qe5 Ne8 29. Qe3 Rb6 30. f4 f6 31. Bb4 Rxb4 32. axb4 Qb6 33. Qxb6 axb6 34. Rb2 Nd6 35. f5 Kf7 36. fxe6+ Kxe6 37. Rf4 Ke5 38. Rh4 Rh8 39. gxf6 gxf6 40. Rh5+ f5 41. Rh6 b5 42. Rh3 Ne4 43. Bxe4 dxe4 44. Kf2 Nd4 45. Rb1 Nc6 46. Rh6 Ne7 47. Rg1 Nd5 48. Rb1 Bb3 49. Rb2 f4 50. Ke1 Kd4 51. Rb1 Nxb4 52. Rd6+ Kc5 53. Rf6 Rg8 54. Kf2 Nd5 55. Rh6 e3+ 56. dxe3 fxe3+ 57. Kf3 Rf8+ 58. Kg3 Rf2 59. Re1 Bc2 60. Re6 Rf6 61. Re8 b4 62. h4 b3 63. Rb8 Rb6 64. Rc8+ Kd4 65. Rc1 Kc3 0-1

[Event "Panevezys-ch B"]
[Site "Panevezys"]
[Date "2007.02.16"]
[Round "?"]
[White "Masiokas, Ignas"]
[Black "Dapkuviene, Lina"]
[Result "1-0"]
[WhiteElo "1647"]
[BlackElo "1841"]
[PlyCount "97"]
[EventDate "2007.02.04"]
[EventType "tourn"]
[EventRounds "13"]
[EventCountry "LTU"]
[SourceTitle "EXT 2024"]
[Source "ChessBase"]
[SourceDate "2023.10.10"]
[SourceVersion "1"]
[SourceVersionDate "2023.10.10"]
[SourceQuality "1"]

1. e4 c5 2. Nf3 Nc6 3. d4 cxd4 4. Nxd4 e5 5. Nb5 Nf6 6. Bg5 Bb4+ 7. N1c3 Bxc3+ 8. Nxc3 0-0 9. Nd5 Qa5+ 10. c3 Nxe4 11. b4 Qa3 12. Bc1 Nxc3 13. Bxa3 Nxd1 14. Rxd1 Nd4 15. Rc1 d6 16. Bb2 Nf5 17. Bd3 Be6 18. Nc7 Rac8 19. Nxe6 Rxc1+ 20. Bxc1 fxe6 21. 0-0 d5 22. f3 Rc8 23. Bxf5 exf5 24. Bb2 e4 25. fxe4 fxe4 26. Rc1 Rxc1+ 27. Bxc1 d4 28. Bb2 d3 29. Bc1 Kf7 30. Kf2 Ke6 31. a4 Kd5 32. Ke3 g6 33. h3 a6 34. Bd2 Ke5 35. g4 h5 36. b5 axb5 37. axb5 Kd5 38. b6 hxg4 39. hxg4 Kc5 40. Kxe4 Kxb6 41. Kxd3 Kc5 42. Ke4 Kd6 43. Kf4 Ke6 44. Kg5 Kf7 45. Be3 b5 46. Bd2 Kg7 47. Bb4 Kf7 48. Bc3 Kg8 49. Kxg6 1-0

[Event "Panevezys-ch B"]
[Site "Panevezys"]
[Date "2007.02.11"]
[Round "2.7"]
[White "Dapkuviene, Lina"]
[Black "Kytra, Jokubas"]
[Result "1-0"]
[WhiteElo "1841"]
[BlackElo "1723"]
[PlyCount "43"]
[EventDate "2007.02.04"]
[EventType "tourn"]
[EventRounds "13"]
[EventCountry "LTU"]
[SourceTitle "EXT 2024"]
[Source "ChessBase"]
[SourceDate "2023.10.10"]
[SourceVersion "1"]
[SourceVersionDate "2023.10.10"]
[SourceQuality "1"]

1. Nf3 d5 2. g3 Nf6 3. Bg2 Nc6 4. d3 e5 5. 0-0 Bd6 6. Nbd2 0-0 7. a3 h6 8. c4 Be6 9. b4 Be7 10. Bb2 d4 11. b5 Na5 12. Nxe5 Rc8 13. Nb3 Nxb3 14. Qxb3 b6 15. Nc6 Qd7 16. Nxa7 Rce8 17. Bc6 Qd6 18. Bxe8 Rxe8 19. Nc6 Bh3 20. Rfe1 Ng4 21. Bxd4 Bf6 22. Qb2 1-0